Právne aspekty outsourcingových zmlúv

Obsah pojmu outsourcing. Outsourcingová zmluva. Tri fázy outsourcingu. Riziká vyplývajúce z outsourcingových projektov.

Gespeichert in:
Bibliographische Detailangaben
1. Verfasser: Nielsen, Tomáš
Format: Buchkapitel
Sprache:Slowakisch
Schlagworte:
Tags: Tag hinzufügen
Keine Tags, Fügen Sie das erste Tag hinzu!

MARC

LEADER 00000naa$a2200000$$$4500
001 0067006
005 20230929121958.0
041 0 |a slo 
044 |a SK 
245 1 0 |a Právne aspekty outsourcingových zmlúv  |c Tomáš Nielsen 
520 |a Obsah pojmu outsourcing. Outsourcingová zmluva. Tri fázy outsourcingu. Riziká vyplývajúce z outsourcingových projektov. 
610 2 0 |a outsourcing 
610 2 0 |a prenájom 
610 2 0 |a systémy informačné 
610 2 0 |a technológie informačné 
610 2 0 |a znižovanie nákladov 
610 2 0 |a zmluvy nájomné 
100 1 |a Nielsen, Tomáš